| Tag |
First Indicator |
Second Indicator |
Subfields |
| LEADER |
00000cam a2200000I 4500 |
| 001 |
in00002380113 |
| 005 |
20151109042458.0 |
| 008 |
780206s1951 enkab 001 0 eng |
| 010 |
|
|
|a 52032810
|
| 015 |
|
|
|a GB51-12892
|
| 029 |
1 |
|
|a UKM
|b b5112892
|
| 035 |
|
|
|a (OCoLC)ocm03610185
|
| 035 |
|
|
|a (OCoLC)3610185
|
| 040 |
|
|
|a DLC
|c MHR
|d UKM
|d OCLCQ
|d TXA
|d UtOrBLW
|
| 049 |
|
|
|a TXAM
|
| 050 |
0 |
0 |
|a UA655 5th
|b .E8
|
| 080 |
|
|
|a 357.16
|
| 082 |
0 |
4 |
|a 357.10941
|2 18
|
| 090 |
|
|
|a UA655 5th
|b .E8 1951
|
| 100 |
1 |
|
|a Evans, Roger,
|d 1886-
|
| 245 |
1 |
4 |
|a The story of the Fifth Royal Inniskilling Dragoon Guards /
|c together with a short account of their illustrious parent regiments, the Fifth Princess Charlotte of Wales's Dragoon Guards and the Sixth Inniskilling Dragoons.
|
| 264 |
|
1 |
|a Aldershot :
|b Gale & Polden,
|c 1951.
|
| 300 |
|
|
|a xiv, 445 pages :
|b illustrations (part color) map (on lining papers) ;
|c 23 cm.
|
| 336 |
|
|
|a text
|b txt
|2 rdacontent
|
| 337 |
|
|
|a unmediated
|b n
|2 rdamedia
|
| 338 |
|
|
|a volume
|b nc
|2 rdacarrier
|
| 500 |
|
|
|a "Trumpet calls and regimental marches of the regiment": pages 433-436.
|
| 504 |
|
|
|a Bibliography: pages xiv.
|
| 500 |
|
|
|a Cushing Library Ragan Military copy part of the Alan Culpin Military History Collection.
|
| 610 |
1 |
0 |
|a Great Britain.
|b Army.
|b 5th Royal Inniskilling Dragoon Guards.
|
| 610 |
1 |
0 |
|a Great Britain.
|b Army.
|b Princess Charlotte of Wales's Dragoon Guards, 5th.
|
| 610 |
1 |
0 |
|a Great Britain.
|b Army.
|b 6th Inniskilling Dragoons.
|
| 948 |
|
|
|a cataloged
|b h
|c 2008/4/9
|d c
|e vilik
|f 10:52:50 am
|
| 994 |
|
|
|a C0
|b TXA
|
| 999 |
|
|
|a MARS
|
| 999 |
f |
f |
|s f4c1826c-8ac9-3a02-8c33-6a464aa2476d
|i 58e2cbac-795c-3462-885e-5143a121bf5b
|t 0
|
| 952 |
f |
f |
|p noncirc
|a Texas A&M University
|b College Station
|c Cushing Memorial Library & Archives
|d Cushing: Ragan Military (Does not check out)
|t 0
|e UA655 5th .E8 1951
|h Library of Congress classification
|i unmediated -- volume
|
| 998 |
f |
f |
|a UA655 5th .E8 1951
|t 0
|l Cushing: Ragan Military (Does not check out)
|